00490nam a22001697a 450000500170000001000130001702000120003003500130004203700160005508200080007110000340007924500520011324600510016526000370021627000440025330000230029720200107114127.0 aA-267919 c2.50a- aA-267919 bDBAD/PUBa- a847 aکنہيا لا ل کپو ر  aسنگ و خشتcکنہيا لا ل کپو ر  bSangh -O-Khashit (Urdu)aby Kanhya Lal Kapoor  aN.DelhibIndian AcademycN.A. ء a6-B,Reagale Building,bN.Delhie1k-l- a160 ص c22 Cm(Hb)